000 00498nam a2200193Ia 4500
003 GCL
008 140319s9999 xx 000 0 eng d
040 _aGCL /
_cGCL
082 0 4 _a743.92
_bW F
100 1 _aWESTLAND, PAMELA
245 1 0 _aFESTIVE GARLANDS, SWAGS AND WREATHS /
_cWESTLAND, PAMELA
260 _a[S.N] :
_bTHE APPLE PRESS ،
_c1992
300 _a128 P
650 0 4 _aWEDDINGS
650 0 4 _aNATURAL PLANT
650 0 4 _aCOLOUR AND STYLE
650 0 4 _aFESTIVALS
942 _2ddc
_cBK
999 _c22124
_d22124